[Event "1st ch-CHN Rapid Men Prelim"]
[Site "Hefei CHN"]
[Date "2011.07.05"]
[Round "7.1"]
[White "Xu, Jun"]
[Black "Ding, Liren"]
[Result "1/2-1/2"]
[WhiteTitle "GM"]
[BlackTitle "GM"]
[WhiteElo "2498"]
[BlackElo "2654"]
[WhiteFideId "8600031"]
[BlackFideId "8603677"]
[EventDate "2011.07.03"]

1. d4 Nf6 2. c4 e6 3. Nf3 c5 4. Nc3 cxd4 5. Nxd4 a6 6. a3 Qc7 7. e4 b6 8. Be3
Bb7 9. f3 Be7 10. Be2 O-O 11. Qd2 d6 12. O-O Nbd7 13. Kh1 Rfc8 14. Rfc1 Ne5 15.
Na4 Nfd7 16. b4 Rab8 17. Nb2 Qd8 18. a4 a5 19. Nb5 d5 20. cxd5 Bxb4 21. Qd1 exd5
22. exd5 Nf6 23. d6 Nd5 24. Bg1 Bxd6 25. Nxd6 Qxd6 26. Nc4 Nxc4 27. Bxc4 Rd8 28.
Bxd5 Bxd5 29. Rab1 Qe6 30. Qe1 Qxe1 1/2-1/2

[Event "1st ch-CHN Rapid Men Prelim"]
[Site "Hefei CHN"]
[Date "2011.07.05"]
[Round "7.2"]
[White "Yu, Yangyi"]
[Black "Gao, Rui"]
[Result "1-0"]
[WhiteTitle "GM"]
[BlackTitle "IM"]
[WhiteElo "2672"]
[BlackElo "2420"]
[WhiteFideId "8603820"]
[BlackFideId "8602387"]
[EventDate "2011.07.03"]

1. e4 c5 2. Nf3 d6 3. d4 cxd4 4. Nxd4 Nf6 5. Nc3 a6 6. Be2 e6 7. Be3 Nbd7 8. g4
h6 9. Qd2 b5 10. a3 Bb7 11. f3 Rc8 12. O-O-O Ne5 13. h4 Nfd7 14. Kb1 Nb6 15. b3
d5 16. exd5 b4 17. axb4 Bxb4 18. Nc6 Nxc6 19. dxc6 Qxd2 20. Bxd2 Rxc6 21. Ne4
Bxd2 22. Rxd2 O-O 23. g5 h5 24. Rhd1 Nd5 25. c4 Ne3 26. Rg1 Nf5 27. Ng3 Nxg3 28.
Rxg3 a5 29. f4 g6 30. Bf3 Rb6 31. Bxb7 Rxb7 32. Ka2 Ra8 33. Rgd3 Kg7 34. Rd8
Raa7 35. Ka3 Rc7 36. Ka4 f6 37. Re8 fxg5 38. fxg5 Kf7 39. Rb8 Rc5 40. Rb5 Rf5
41. Rxf5+ gxf5 42. c5 e5 43. c6 e4 44. Rd7+ Rxd7 45. cxd7 Ke7 46. g6 1-0

[Event "1st ch-CHN Rapid Men Prelim"]
[Site "Hefei CHN"]
[Date "2011.07.05"]
[Round "7.5"]
[White "Zhou, Weiqi"]
[Black "Wen, Yang"]
[Result "1/2-1/2"]
[WhiteTitle "GM"]
[BlackTitle "GM"]
[WhiteElo "2605"]
[BlackElo "2558"]
[WhiteFideId "8601674"]
[BlackFideId "8602956"]
[EventDate "2011.07.03"]

1. d4 Nf6 2. c4 c5 3. d5 e5 4. Nc3 d6 5. e4 Be7 6. Bd3 Nbd7 7. Nge2 h5 8. h4 Nf8
9. f3 Bd7 10. Be3 N8h7 11. Qd2 O-O 12. g3 Kh8 13. a3 b6 14. Qc2 Qc8 15. b4 Ng8
16. Rb1 g6 17. Kd2 Bf6 18. bxc5 bxc5 19. Nb5 Be7 20. Rb3 a6 21. Nbc3 Bd8 22.
Rhb1 Ba5 23. Kc1 Qd8 24. Rb7 Bc8 25. Rb8 Rxb8 26. Rxb8 Qc7 27. Rb2 Bd7 28. Bd2
Rb8 29. Qb1 Rxb2 30. Qxb2 Kg7 31. Nd1 Ngf6 32. Ne3 Nf8 33. Bc3 Bc8 34. Kd2 Bxc3+
35. Nxc3 N8d7 36. Ne2 1/2-1/2

[Event "1st ch-CHN Rapid Men Prelim"]
[Site "Hefei CHN"]
[Date "2011.07.05"]
[Round "7.6"]
[White "Lou, Yiping"]
[Black "Zhou, Jianchao"]
[Result "0-1"]
[WhiteTitle "IM"]
[BlackTitle "GM"]
[WhiteElo "2431"]
[BlackElo "2636"]
[WhiteFideId "8603928"]
[BlackFideId "8603537"]
[EventDate "2011.07.03"]

1. d4 Nf6 2. c4 e6 3. Nc3 Bb4 4. Qc2 c5 5. dxc5 Qc7 6. Nf3 Bxc5 7. Bg5 a6 8. e4
Nc6 9. Rd1 Ng4 10. Bh4 d6 11. Be2 O-O 12. O-O Nge5 13. Nxe5 dxe5 14. Qb1 Bd7 15.
a3 Nd4 16. b4 Ba7 17. Bd3 f6 18. Ne2 Ba4 19. Nxd4 Bxd4 20. Rc1 Rfd8 21. Kh1 Bb2
22. Qxb2 Rxd3 23. Rfe1 Rad8 24. c5 Qc6 25. Rc3 Qxe4 0-1

[Event "1st ch-CHN Rapid Men Prelim"]
[Site "Hefei CHN"]
[Date "2011.07.05"]
[Round "7.9"]
[White "Wang, Chen"]
[Black "Li, Shilong"]
[Result "1-0"]
[WhiteTitle "IM"]
[BlackTitle "GM"]
[WhiteElo "2449"]
[BlackElo "2520"]
[WhiteFideId "8601020"]
[BlackFideId "8600678"]
[EventDate "2011.07.03"]

1. e4 c5 2. Nf3 e6 3. b3 d6 4. d4 cxd4 5. Nxd4 Nf6 6. Bd3 Nbd7 7. O-O Nc5 8. Nd2
e5 9. N4f3 Be7 10. Re1 O-O 11. Bb2 b6 12. Nf1 Bb7 13. Ng3 b5 14. c3 a6 15. Bc2
Re8 16. Qd2 Bf8 17. Rad1 Qc7 18. Bb1 Rad8 19. Qc2 Rc8 20. h3 g6 21. Qd2 Rcd8 22.
c4 bxc4 23. bxc4 Na4 24. Ba1 Rc8 25. Rc1 Bc6 26. Qg5 h6 27. Qe3 Bd7 28. Nd2 Be6
29. Ne2 Nd7 30. Kh1 Qb6 31. Qg3 Qb4 32. Nc3 Nb2 33. f4 exf4 34. Qxf4 Nxc4 35.
Nxc4 Bxc4 36. Bc2 Ne5 37. Qd2 Be6 38. Rb1 Qa5 39. Bb3 Nc4 40. Qe2 Bg7 41. Rbc1
Qg5 42. Rcd1 Be5 43. Rd3 h5 44. Rf1 h4 45. Ba4 Re7 46. Nd5 Bxd5 47. Rxd5 Qg3 48.
Bxe5 dxe5 49. Rd3 Qg5 50. Rc3 Nb6 51. Rxc8+ Nxc8 52. Qxa6 Rc7 53. Bb3 Kg7 54.
Qd3 Nb6 55. a4 Ra7 56. Qb5 Nc8 57. Qc5 Qg3 1-0

[Event "1st ch-CHN Rapid Men Prelim"]
[Site "Hefei CHN"]
[Date "2011.07.05"]
[Round "7.10"]
[White "Xu, Yi"]
[Black "Ma, Qun"]
[Result "1/2-1/2"]
[WhiteTitle "CM"]
[WhiteElo "2110"]
[BlackElo "2447"]
[WhiteFideId "8605564"]
[BlackFideId "8603154"]
[EventDate "2011.07.03"]

1. e4 c5 2. Nf3 d6 3. d4 cxd4 4. Nxd4 Nf6 5. Nc3 a6 6. Be2 e6 7. O-O Qc7 8. a4
Be7 9. f4 O-O 10. Kh1 b6 11. Bf3 Bb7 12. e5 dxe5 13. fxe5 Nfd7 14. Bxb7 Qxb7 15.
Bf4 Nc6 16. Nxc6 Qxc6 17. Qg4 f5 18. exf6 Bxf6 19. Rae1 Bxc3 20. bxc3 Qc4 21.
Rf3 Rf6 22. Qg3 Raf8 23. Be5 R6f7 24. Bd4 Qxa4 25. Rxe6 Qc4 26. Re1 b5 27. h3
Qc6 28. Ref1 Qg6 29. Qxg6 hxg6 30. Rxf7 Rxf7 31. Re1 Nf8 32. Ra1 Rb7 33. Rxa6
Kf7 34. Kg1 Ne6 35. Kf2 g5 36. g3 Rb8 37. Ra7+ Kg6 38. Re7 Nxd4 39. cxd4 Rc8 40.
Re2 Kf6 41. Kf3 Rc3+ 42. Kg4 b4 43. d5 Rc4+ 44. Kf3 Rc5 45. Re4 Rxc2 46. Rxb4
Rd2 47. Rb5 Rd4 48. Rb6+ Ke5 49. Re6+ Kxd5 50. Rg6 Ke5 51. Rxg7 Kf6 52. Ra7 Rb4
53. Ra6+ Kg7 54. Re6 Kf7 55. Re4 Rb6 56. Kg4 Kg6 57. Rc4 Ra6 58. Kf3 Ra3+ 59.
Kg4 Ra6 60. h4 gxh4 61. Kxh4 Rb6 62. g4 Ra6 63. Rc8 Rb6 64. Rg8+ Kf7 65. Rg5 Rb1
66. Ra5 Rb6 67. Kg5 Rc6 68. Ra7+ Kg8 69. Kh5 Rb6 70. g5 Rc6 71. g6 Rc1 72. Kh6
Rh1+ 1/2-1/2

[Event "1st ch-CHN Rapid Men Prelim"]
[Site "Hefei CHN"]
[Date "2011.07.05"]
[Round "7.12"]
[White "Wang, Li"]
[Black "Lu, Yijie"]
[Result "1-0"]
[WhiteTitle "IM"]
[WhiteElo "2402"]
[BlackElo "2370"]
[WhiteFideId "8604460"]
[BlackFideId "8604525"]
[EventDate "2011.07.03"]

1. e4 c5 2. Nf3 d6 3. d4 cxd4 4. Nxd4 Nf6 5. Nc3 a6 6. a4 e5 7. Nf3 Qc7 8. Bg5
Nbd7 9. Nd2 b6 10. Bc4 Bb7 11. Qe2 h6 12. Bxf6 Nxf6 13. O-O Be7 14. Rfd1 O-O 15.
Nf1 Qc5 16. Nd5 Nxd5 17. Bxd5 Bxd5 18. Rxd5 Qc6 19. c4 g6 20. b3 Kh7 21. Rad1 f5
22. exf5 gxf5 23. f4 Rae8 24. fxe5 dxe5 25. Rxe5 Bc5+ 26. Kh1 Rxe5 27. Qxe5 f4
28. Rd5 Qg6 29. Rd7+ Kg8 30. Qd5+ Kh8 31. Qd3 Qxd3 32. Rxd3 Kg7 33. Rf3 Kg6 34.
g3 Bd6 35. Kg2 Kf5 36. gxf4 Bxf4 37. Ne3+ Ke4 38. Nd5 Rg8+ 39. Kf2 Be5 40. Nf6+
Bxf6 41. Rxf6 Rb8 42. Rxh6 Kd3 43. Rh3+ Kc2 44. Rf3 Rh8 45. Kg3 Rg8+ 46. Kf4 Rh8
47. h3 a5 48. Ke5 Rh6 49. Kf5 Rh8 50. Ke6 Kb2 51. Kd6 Rh6+ 52. Kc7 Ka3 53. h4
Kb4 54. Rh3 Kc5 55. Kd7 Kd4 56. h5 Ke4 57. Rh1 Ke5 58. Rd1 Rh7+ 59. Kc6 Rh6+ 60.
Kc7 Ke4 61. Rd5 Rf6 62. Rd6 Rf5 63. h6 1-0

[Event "1st ch-CHN Rapid Men Prelim"]
[Site "Hefei CHN"]
[Date "2011.07.05"]
[Round "7.13"]
[White "Wang, Zili"]
[Black "Mu, Ke"]
[Result "0-1"]
[WhiteTitle "GM"]
[WhiteElo "2488"]
[BlackElo "2290"]
[WhiteFideId "8600023"]
[BlackFideId "8602778"]
[EventDate "2011.07.03"]

1. e4 e6 2. d4 d5 3. e5 c5 4. c3 Nc6 5. Nf3 Qb6 6. Be2 Bd7 7. O-O f6 8. Bd3 fxe5
9. Nxe5 Nxe5 10. dxe5 O-O-O 11. c4 Ne7 12. Nc3 d4 13. Ne4 Nc6 14. Bf4 Be7 15.
Qe2 Nb4 16. Bg5 Bxg5 17. Nxg5 Nxd3 18. Qxd3 Rdf8 19. f4 h6 20. Ne4 g5 21. fxg5
hxg5 22. b3 Bc6 23. Rxf8+ Rxf8 24. Nxg5 Rf5 25. Nxe6 Rxe5 26. Qg6 Re2 27. Qg8+
Kd7 28. Qf7+ Kd6 29. Nf4 Re7 30. Qf6+ Kd7 31. Rf1 Be4 32. Qg5 Qd6 33. h4 d3 34.
Rd1 Qd4+ 35. Kh2 Rg7 36. Qh6 Qe5 37. g3 Rg6 38. Qh5 Qxh5 39. Nxh5 Rd6 40. Rd2
Ke6 41. Nf4+ Ke5 42. Kg1 Kd4 43. Kf2 Rf6 44. h5 a6 45. a4 Rf7 46. a5 Rf6 47. Ke1
b6 48. axb6 Rxb6 49. Kf2 Rxb3 50. Ne6+ Kxc4 51. Ke3 Bf5 52. Ng7 Bh7 53. g4 Rb7
54. Nf5 Bxf5 55. gxf5 Re7+ 56. Kf4 Kc3 57. Ra2 d2 58. Rxd2 Kxd2 59. f6 Rb7 60.
Kg5 c4 61. Kg6 c3 62. f7 Rxf7 0-1

[Event "1st ch-CHN Rapid Men Prelim"]
[Site "Hefei CHN"]
[Date "2011.07.05"]
[Round "8.5"]
[White "Wan, Yunguo"]
[Black "Zhou, Weiqi"]
[Result "1/2-1/2"]
[BlackTitle "GM"]
[WhiteElo "2462"]
[BlackElo "2605"]
[WhiteFideId "8603189"]
[BlackFideId "8601674"]
[EventDate "2011.07.03"]

1. e4 e6 2. d4 d5 3. Nc3 Nf6 4. Bg5 Be7 5. e5 Nfd7 6. h4 a6 7. Nf3 c5 8. dxc5
Nc6 9. Bd3 Ncxe5 10. Nxe5 Nxe5 11. Qe2 f6 12. Bf4 Nxd3+ 13. Qxd3 Bxc5 14. O-O-O
O-O 15. h5 Kh8 16. h6 g5 17. Be3 Be7 18. Qd4 Qe8 19. Kb1 Qg6 20. Na4 Bd7 21. Nb6
Rad8 22. Nxd7 Rxd7 23. Qb6 Qf5 24. Ka1 Rc8 25. c3 Kg8 26. f3 Rc6 27. Qa7 Kf7 28.
Qb8 Qg6 29. g4 Bd6 30. Qa7 Be5 31. Bd4 Bd6 32. Be3 Qg8 33. Rhf1 Bb8 34. Qd4 Be5
35. Qd2 Rc4 36. Bd4 Bf4 37. Qe2 Qg6 38. Rfe1 Rc6 39. Be3 Bxe3 40. Qxe3 Qxh6 41.
c4 Qf8 42. cxd5 exd5 43. f4 gxf4 44. Qxf4 Kg8 45. Qf5 Rcd6 46. g5 fxg5 47. Qxg5+
Rg6 48. Qe5 Qd8 49. a3 d4 50. Rd3 Rd5 51. Qe4 Qd7 52. Red1 Qe6 53. Qf4 Qe5 54.
Qf2 Qf5 55. Qh2 Qe5 56. Qf2 Rf6 57. Qg2+ Rg6 58. Qf2 Qf5 59. Qh2 Qe5 60. Qf2 Rf6
61. Qg2+ Rg6 62. Qf2 Qf6 63. Qh2 Qd6 64. Qf2 Qf6 65. Rf3 Qe7 66. Rf1 Rd7 67. Re1
Qd8 68. Rf1 Qe7 69. Re1 Qd8 70. Rf1 Qe7 71. Re1 Qd8 72. Rf1 Qe7 73. Re1 Qd8 74.
Rf1 Qe7 75. Re1 Qd8 76. Rf1 Qe7 77. Re1 Qd8 78. Rf1 Kg7 79. Rf7+ Rxf7 80. Qxf7+
Kh8 81. Qxb7 d3 82. Qb4 Qd6 83. Qc3+ Kg8 84. Qc8+ Kg7 85. Qb7+ Kh8 86. Qc8+ Kg7
87. Qc3+ Kg8 88. Qc4+ Kh8 89. Qc3+ Kg8 90. Qc4+ Kh8 91. Qc3+ Kg8 92. Qc4+ Kh8
93. Qc3+ Kg8 94. Qc4+ Kh8 95. Qc3+ Kg8 96. Qc4+ Kh8 1/2-1/2

[Event "1st ch-CHN Rapid Men Prelim"]
[Site "Hefei CHN"]
[Date "2011.07.05"]
[Round "8.6"]
[White "Wen, Yang"]
[Black "Wang, Chen"]
[Result "1-0"]
[WhiteTitle "GM"]
[BlackTitle "IM"]
[WhiteElo "2558"]
[BlackElo "2449"]
[WhiteFideId "8602956"]
[BlackFideId "8601020"]
[EventDate "2011.07.03"]

1. d4 d5 2. c4 e6 3. Nf3 Nf6 4. e3 c6 5. Nbd2 Nbd7 6. b3 Bd6 7. Bb2 O-O 8. Bd3
b6 9. O-O Bb7 10. Ne5 c5 11. cxd5 Bxd5 12. Ndc4 Be7 13. Nxd7 Nxd7 14. Qc2 h6 15.
Rad1 cxd4 16. Bxd4 Rc8 17. Qb2 Nf6 18. e4 Bxc4 19. Bxc4 Qc7 20. e5 Nd7 21. Qe2
Nc5 22. f4 g6 23. g4 Kh7 24. Bxc5 Bxc5+ 25. Kg2 Rcd8 26. Rxd8 Rxd8 27. f5 gxf5
28. gxf5 b5 29. Bd3 Kh8 30. Kh3 Qd7 31. Bxb5 Qd4 32. Bc4 Rg8 33. fxe6 fxe6 34.
Rf6 Be7 35. Rxh6+ Kg7 36. Rh5 Qc3+ 37. Bd3 Qc6 38. Rh7+ Kf8 39. Qf1+ 1-0

[Event "1st ch-CHN Rapid Men Prelim"]
[Site "Hefei CHN"]
[Date "2011.07.05"]
[Round "8.7"]
[White "Wang, Li"]
[Black "Gao, Rui"]
[Result "0-1"]
[WhiteTitle "IM"]
[BlackTitle "IM"]
[WhiteElo "2402"]
[BlackElo "2420"]
[WhiteFideId "8604460"]
[BlackFideId "8602387"]
[EventDate "2011.07.03"]

1. e4 c5 2. Nf3 d6 3. d4 cxd4 4. Nxd4 Nf6 5. Nc3 a6 6. a4 e6 7. f4 Be7 8. Be2
Qc7 9. Bf3 Nc6 10. Be3 O-O 11. O-O Bd7 12. Nb3 Na5 13. Nd2 Rac8 14. Qe2 Rfe8 15.
Kh1 e5 16. f5 Nc4 17. Nxc4 Qxc4 18. Qd3 b5 19. axb5 axb5 20. Rfc1 b4 21. Ne2
Qxd3 22. cxd3 Bb5 23. Rxc8 Rxc8 24. Nc1 h6 25. Kg1 Nh7 26. Be2 Bg5 27. Kf2 Nf6
28. Bxg5 hxg5 29. Ke3 Rc2 30. b3 d5 31. Ra8+ Kh7 32. Rb8 Bc6 33. Rxb4 Rxc1 34.
h3 dxe4 35. dxe4 Bxe4 36. Rxe4 Rc3+ 37. Bd3 Nxe4 38. Kxe4 Rxb3 39. Bc4 Rb4 40.
Kd3 f6 41. Bf7 Rb7 42. Be6 g6 43. Ke4 gxf5+ 44. Kxf5 Kg7 45. Bd5 Rb5 46. Be4 Rb2
47. Kg4 Rf2 48. g3 Re2 49. Bf5 e4 50. h4 gxh4 51. gxh4 e3 52. Kf3 Rf2+ 0-1

[Event "1st ch-CHN Rapid Men Prelim"]
[Site "Hefei CHN"]
[Date "2011.07.05"]
[Round "8.14"]
[White "Fang, Yan"]
[Black "Lu, Yijie"]
[Result "1-0"]
[WhiteElo "2265"]
[BlackElo "2370"]
[WhiteFideId "8604746"]
[BlackFideId "8604525"]
[EventDate "2011.07.03"]

1. e4 c5 2. Nf3 d6 3. d4 cxd4 4. Nxd4 Nf6 5. Nc3 a6 6. Bg5 e6 7. f4 Qb6 8. Qd2
Nc6 9. Nb3 Bd7 10. O-O-O O-O-O 11. f5 Ne5 12. Kb1 Be7 13. h3 h5 14. Be3 Qc6 15.
Qd4 exf5 16. Nd5 Nxd5 17. exd5 Qc7 18. Qb4 b5 19. c4 bxc4 20. Bb6 Qb8 21. Bxc4
Nxc4 22. Qxc4+ Kb7 23. Bxd8 Qxd8 24. Nd4 Qb6 25. Rd3 Rc8 26. Nc6 Bxc6 27. dxc6+
Qxc6 28. Rb3+ Ka7 29. Qxc6 Rxc6 30. Re1 Rc7 31. Rf3 g6 32. Rd3 Rd7 33. Rc1 f4
34. a4 Bf6 35. Ka2 Be5 36. b4 g5 37. Kb3 g4 38. Rc8 f5 39. Rf8 Rg7 40. Rd2 f3
41. Rxf5 Rc7 42. gxf3 Rc3+ 43. Ka2 gxh3 44. f4 Rf3 45. Rxh5 Bxf4 46. Rc2 Re3 47.
a5 Re7 48. Rxh3 Rb7 49. Kb3 Be5 50. Rc6 Rg7 51. Rf3 Rh7 52. Rc8 Rd7 53. Rcf8 Bd4
54. R3f7 Rb7 55. Kc4 Be3 56. Kd5 Bd2 57. Rxb7+ Kxb7 58. Rf7+ Kb8 59. Kc4 Be1 60.
Rg7 Bd2 61. Re7 Bf4 62. Kd5 Bg3 63. Kc6 Bf2 64. Rb7+ Ka8 65. Rd7 Be3 66. Rxd6
Ka7 67. Rd7+ Ka8 68. Rd3 Bf2 69. Rf3 Bg1 70. Rf7 Be3 71. Rf5 Bg1 72. Rc5 Ka7 73.
Kc7 Bf2 74. Rf5 Be3 75. Rf7 Bg1 76. Kd6+ Ka8 77. Kd5 Be3 78. Kc4 Bg1 79. Kd3 Kb8
80. Rf1 Bh2 81. Kc4 Be5 82. Re1 Bg3 83. Re2 Kc7 84. Kd5 Bh4 85. Rg2 Bf6 86. Rg6 1-0

[Event "1st ch-CHN Rapid Men Prelim"]
[Site "Hefei CHN"]
[Date "2011.07.05"]
[Round "8.16"]
[White "Li, Shilong"]
[Black "Xu, Xiangyu"]
[Result "1-0"]
[WhiteTitle "GM"]
[WhiteElo "2520"]
[BlackElo "2016"]
[WhiteFideId "8600678"]
[BlackFideId "8608288"]
[EventDate "2011.07.03"]

1. e4 c5 2. Nf3 d6 3. d4 Nf6 4. Nc3 cxd4 5. Nxd4 g6 6. Be3 Bg7 7. f3 O-O 8. Qd2
Nc6 9. Bc4 Bd7 10. O-O-O Qa5 11. Bb3 Rfc8 12. h4 h5 13. Kb1 Ne5 14. Bh6 Nc4 15.
Bxc4 Rxc4 16. Nb3 Qc7 17. g4 Be6 18. Bxg7 Kxg7 19. gxh5 Nxh5 20. Nd4 Qd7 21.
Rhg1 Rac8 22. Rg5 R8c5 23. Nd5 Nf6 24. Nf4 Bg4 25. fxg4 Nxe4 26. Rxg6+ fxg6 27.
Nfe6+ Kf7 28. Rf1+ Nf6 29. g5 Re5 30. gxf6 Rxe6 31. fxe7+ Kxe7 32. Qg5+ Ke8 33.
Nxe6 Qxe6 34. Qb5+ Kd8 35. Qxb7 Rf4 36. Qb8+ Kd7 37. Qb5+ Kc7 38. Qa5+ Kb7 39.
Rxf4 1-0

[Event "1st ch-CHN Rapid Men Prelim"]
[Site "Hefei CHN"]
[Date "2011.07.05"]
[Round "9.1"]
[White "Li, Chao b"]
[Black "Ding, Liren"]
[Result "1/2-1/2"]
[WhiteTitle "GM"]
[BlackTitle "GM"]
[WhiteElo "2669"]
[BlackElo "2654"]
[WhiteFideId "8604436"]
[BlackFideId "8603677"]
[EventDate "2011.07.03"]

1. e4 e6 2. d4 d5 3. Nc3 Nf6 4. e5 Nfd7 5. f4 c5 6. Nf3 Nc6 7. Be3 a6 8. Qd2 b5
9. dxc5 Bxc5 10. Bd3 Qb6 11. Bf2 Bb7 12. O-O Bxf2+ 13. Qxf2 Qxf2+ 14. Kxf2 Ke7
15. Rfe1 Nc5 16. Ke3 g5 17. fxg5 h6 18. g6 fxg6 19. Ne2 g5 20. Ned4 Nxd4 21.
Nxd4 Rhf8 22. Re2 Nd7 23. Kd2 Rf4 24. c3 Raf8 25. Rae1 1/2-1/2

[Event "1st ch-CHN Rapid Men Prelim"]
[Site "Hefei CHN"]
[Date "2011.07.05"]
[Round "9.3"]
[White "Gao, Rui"]
[Black "Zhou, Jianchao"]
[Result "0-1"]
[WhiteTitle "IM"]
[BlackTitle "GM"]
[WhiteElo "2420"]
[BlackElo "2636"]
[WhiteFideId "8602387"]
[BlackFideId "8603537"]
[EventDate "2011.07.03"]

1. e4 c5 2. Nf3 d6 3. d4 cxd4 4. Nxd4 Nf6 5. Nc3 a6 6. Bg5 Nbd7 7. Bc4 h6 8.
Bxf6 Nxf6 9. Qe2 e5 10. Nf5 d5 11. O-O-O d4 12. f4 Qb6 13. Nd5 Nxd5 14. exd5 Qf6
15. g4 g6 16. fxe5 Qg5+ 17. Kb1 gxf5 18. e6 Qe3 19. Qg2 fxg4 20. Qxg4 h5 21.
exf7+ Kd8 22. Qg6 Qh6 23. Qe4 Bc5 24. Rhg1 Bg4 25. Rde1 Kc7 26. h3 d3 27. hxg4
d2 28. Ref1 Bxg1 29. Qe7+ Kb6 30. g5 Qf8 31. d6 Re8 32. Qc7+ Ka7 33. Rd1 Re1 34.
Be2 Rxe2 35. Qc3 Qxd6 36. a3 Rf8 37. g6 Qxg6 0-1

[Event "1st ch-CHN Rapid Men Prelim"]
[Site "Hefei CHN"]
[Date "2011.07.05"]
[Round "9.7"]
[White "Wang, Chen"]
[Black "Zhao, Jun"]
[Result "0-1"]
[WhiteTitle "IM"]
[BlackTitle "GM"]
[WhiteElo "2449"]
[BlackElo "2588"]
[WhiteFideId "8601020"]
[BlackFideId "8602522"]
[EventDate "2011.07.03"]

1. e4 c6 2. Nc3 d5 3. Nf3 Bg4 4. h3 Bxf3 5. Qxf3 e6 6. d4 Qb6 7. Qd3 Na6 8. a3
Ne7 9. Be2 Rd8 10. exd5 cxd5 11. Qb5+ Qxb5 12. Bxb5+ Nc6 13. Ne2 Nc7 14. Bxc6+
bxc6 15. Bf4 Kd7 16. Nc1 c5 17. Nd3 cxd4 18. Ne5+ Ke8 19. Nc6 Rd7 20. Nb8 Bd6
21. Nxd7 Kxd7 22. Bxd6 Kxd6 23. O-O-O e5 24. f4 f6 25. fxe5+ fxe5 26. Rhf1 Ne6
27. Rf7 Ra8 28. c3 dxc3 29. bxc3 Rc8 30. Kb2 a6 31. Rb7 Rc6 32. a4 Nc5 33. Rxg7
Nxa4+ 34. Kb3 Nxc3 35. Rc1 d4 36. Rxh7 Rb6+ 37. Kc4 Rc6+ 38. Kb3 Kd5 39. h4 a5
40. h5 a4+ 41. Kb2 Rb6+ 42. Kc2 a3 43. Rd7+ Ke6 44. Ra7 Rb2+ 45. Kd3 Nb5 46. Ra5
Kd5 47. Rc2 e4+ 48. Kd2 e3+ 49. Kd1 Ke4 50. Ra4 Kd3 51. Rxa3+ Nc3+ 0-1

[Event "1st ch-CHN Rapid Men Prelim"]
[Site "Hefei CHN"]
[Date "2011.07.05"]
[Round "9.8"]
[White "Xu, Yi"]
[Black "Lou, Yiping"]
[Result "1/2-1/2"]
[WhiteTitle "CM"]
[BlackTitle "IM"]
[WhiteElo "2110"]
[BlackElo "2431"]
[WhiteFideId "8605564"]
[BlackFideId "8603928"]
[EventDate "2011.07.03"]

1. e4 e6 2. d4 d5 3. Nd2 c5 4. exd5 Qxd5 5. dxc5 Nf6 6. Ngf3 Bxc5 7. Bc4 Qc6 8.
O-O O-O 9. Qe2 a6 10. Nb3 Be7 11. Nbd4 Qe4 12. Qxe4 Nxe4 13. Re1 Nd6 14. Bd3 1/2-1/2

[Event "1st ch-CHN Rapid Men Prelim"]
[Site "Hefei CHN"]
[Date "2011.07.05"]
[Round "9.9"]
[White "Ma, Qun"]
[Black "Ma, Zhonghan"]
[Result "0-1"]
[WhiteElo "2447"]
[BlackElo "2378"]
[WhiteFideId "8603154"]
[BlackFideId "8607206"]
[EventDate "2011.07.03"]

1. e4 c5 2. Nf3 d6 3. d4 cxd4 4. Nxd4 Nf6 5. Nc3 a6 6. Bc4 e6 7. Bb3 Nc6 8. Be3
Bd7 9. Qe2 Rc8 10. O-O-O Na5 11. f3 b5 12. Kb1 Nc4 13. Bxc4 Rxc4 14. g4 h6 15.
h4 g6 16. Qd2 Qc7 17. Nce2 e5 18. Nb3 Be6 19. Ng3 h5 20. g5 Nd7 21. f4 exf4 22.
Bxf4 Ne5 23. Nd4 Bg4 24. Rc1 Bg7 25. c3 O-O 26. Rhe1 Qb7 27. Bxe5 Bxe5 28. Nf1
b4 29. Ka1 bxc3 30. bxc3 Be6 31. Ne3 Ra4 32. Rc2 Rc8 33. Rb2 Qc7 34. Nd5 Bxd5
35. exd5 Qxc3 36. Qxc3 Rxc3 37. Nc6 Re4 38. Rb8+ Kg7 39. Nxe5 Rxe1+ 40. Kb2 Rcc1 0-1

[Event "1st ch-CHN Rapid Men Prelim"]
[Site "Hefei CHN"]
[Date "2011.07.05"]
[Round "9.11"]
[White "Zeng, Chongsheng"]
[Black "Fang, Yan"]
[Result "0-1"]
[WhiteElo "2413"]
[BlackElo "2265"]
[WhiteFideId "8603847"]
[BlackFideId "8604746"]
[EventDate "2011.07.03"]

1. d4 Nf6 2. Nf3 c5 3. c4 cxd4 4. Nxd4 e6 5. Nc3 Nc6 6. a3 Qc7 7. e4 Nxe4 8.
Nxe4 Qe5 9. Nb5 Qxe4+ 10. Be2 Bc5 11. O-O O-O 12. Bd3 Qh4 13. g3 Qh3 14. b4 Be7
15. Bf4 e5 16. Be3 d6 17. Nc7 Rb8 18. b5 Bd8 19. Nd5 Ne7 20. Bxa7 Nxd5 21. Bxb8
Nf6 22. Qf3 Bg4 23. Qg2 Qh5 24. Bxd6 Bf3 25. g4 Nxg4 26. Qg3 Re8 27. h3 Nh6 28.
Rfe1 f6 29. Be4 Bxe4 30. Rxe4 Nf7 31. Bc5 Ng5 32. Re3 Ne6 33. Bb4 Bb6 34. c5
Bxc5 35. Bxc5 Nxc5 36. Rc1 Ne6 37. Qg4 Qf7 38. b6 f5 39. Qc4 e4 40. Qd5 Rd8 41.
Qe5 h6 42. h4 Kh7 43. a4 Qg6+ 44. Rg3 Qf7 45. a5 Rd7 46. Kg2 Nd4 47. Rc7 Nf3 48.
Rxd7 Qxd7 49. Qc7 Qd4 50. a6 Nxh4+ 51. Kh3 Ng6 52. axb7 Qxf2 53. Rxg6 Qf3+ 54.
Rg3 Qh1# 0-1

[Event "1st ch-CHN Rapid Men Prelim"]
[Site "Hefei CHN"]
[Date "2011.07.05"]
[Round "9.17"]
[White "Lu, Yijie"]
[Black "Hu, Yu"]
[Result "1-0"]
[WhiteElo "2370"]
[BlackElo "1720"]
[WhiteFideId "8604525"]
[BlackFideId "8608377"]
[EventDate "2011.07.03"]

1. e4 c5 2. Nf3 Nc6 3. d4 cxd4 4. Nxd4 Nf6 5. Nc3 e5 6. Ndb5 d6 7. Bg5 a6 8. Na3
b5 9. Nd5 Be7 10. Bxf6 Bxf6 11. c4 b4 12. Nc2 Rb8 13. b3 Bg5 14. Be2 O-O 15. O-O
f5 16. Bf3 f4 17. Qe2 Be6 18. Rfd1 Qc8 19. Rd3 Qb7 20. Rad1 Bd8 21. Bg4 Bxg4 22.
Qxg4 Qf7 23. Rh3 a5 24. Rh6 g6 25. Rd3 Kg7 26. Rdh3 Rh8 27. g3 fxg3 28. hxg3 Bb6
29. Nxb6 Rxb6 30. Qh4 Kg8 31. Ne3 Rb8 32. Nd5 Rf8 33. g4 Nd4 34. Rxg6+ Qxg6 35.
Ne7+ Kg7 36. Nxg6 hxg6 37. Qe7+ Rf7 38. Qxf7+ Kxf7 39. Rxh8 Kf6 40. Rf8+ Kg5 41.
f3 Ne2+ 42. Kf2 Nc3 43. Ra8 Nxa2 44. Rxa5 Nc1 45. Rd5 Nxb3 46. Rxd6 Nd4 47. c5
b3 48. Rb6 Kh6 49. c6 b2 50. c7 1-0